000
00296pam a2200133 a 4500
020
_c
041
_a
eng
082
_a
612
_b
BAB
100
_a
Babsky , E .
245
_a
Human Physiology Vol I
_h
Textual Documents
260
_a
Moscow:
_b
MIR publisher,
_c
1975.
300
_a
410p.
930
_a
18030
999
_c
94930
_d
94930